La estructura de la magia
Guardat en:
| Autor principal: | |
|---|---|
| Altres autors: | |
| Format: | Llibre |
| Idioma: | espanyol |
| Publicat: |
Santiago
Cuatro Vientos
1980
|
| Edició: | 2a. ed |
| Matèries: | |
| Etiquetes: |
Afegir etiqueta
Sense etiquetes, Sigues el primer a etiquetar aquest registre!
|
MARC
| LEADER | 00000nam a2200000 a 4500 | ||
|---|---|---|---|
| 001 | UCM9118 | ||
| 003 | CL-VaPUC | ||
| 008 | 030411e19800000CL |||||||||||||||||spa|d | ||
| 082 | 0 | 4 | |a 401.9 |b BAN |2 21 |
| 100 | 0 | |a Bandler, Richard |e author |9 475523 | |
| 700 | |a Grinder, John T |e autor |9 504025 | ||
| 245 | 1 | 3 | |a La estructura de la magia |
| 250 | |a 2a. ed | ||
| 300 | |a v | ||
| 942 | |c BK | ||
| 945 | |d 20030411 00:00:00 |a cmena | ||
| 260 | |a Santiago |b Cuatro Vientos |c 1980 | ||
| 500 | |a v.1: Lenguaje y terapia | ||
| 650 | 0 | |a Psicolingüística |9 283371 | |
| 650 | 0 | |a Terapia familiar |9 312193 | |
| 650 | 0 | |a Lenguaje |9 265069 | |
| 650 | 0 | |a Terapia |9 334442 | |
| 583 | |a last modification |c 20030411 00:00:00 |k Rodrigo Vera | ||
| 999 | |c 303495 |d 303493 | ||
| 952 | |0 0 |1 0 |4 0 |6 401_900000000000000_BAN_1980 |7 0 |8 A |9 364839 |a BIBEDU |b BIBEDU |d 2019-11-21 |h v.1 |i 2075571 |o 401.9 BAN 1980 |p 2075571 |r 2019-11-21 |w 2019-11-21 |y BK |k EDU | ||